000 00463nam a2200145 i 4500
001 98135
003 ES-MaACL
005 20230906182224.0
007 t|
008 050726s1911 mx ||||1| spa d
100 1 _aMarroquín y Rivera, M.
_977088
245 1 0 _aExposición de motivos y Proyecto de Ley sobre fraccionamiento de terrenos /
_cM. Marroquín y Rivera.
260 _aMéxico :
_bImp. de la Secretaría de Fomento,
_c1911.
852 _aES-MaACL
_j1562-F-6
999 _c98135
_d98135